| 000 | 00751cam a22002533a 4500 | ||
|---|---|---|---|
| 001 | 1828 | ||
| 003 | PGUSA | ||
| 005 | 20140828083006.0 | ||
| 008 | 990701s1999||||xxu|||||s|||||000 1 eng d | ||
| 040 |
_aPGUSA _beng |
||
| 042 | _adc | ||
| 050 | 4 | _aPR | |
| 100 | 1 |
_aScott, Walter, _d1771-1832 |
|
| 245 | 1 | 0 |
_aChronicles of the Canongate, 1st Series _h[electronic resource] / _cWalter Scott |
| 260 |
_bProject Gutenberg, _c1999 |
||
| 500 | _aWaverley novel | ||
| 506 | _aPublic domain in the USA. | ||
| 516 | _aElectronic text | ||
| 653 | _aScots -- Foreign countries -- Fiction | ||
| 653 | _aScotland -- Social life and customs -- Fiction | ||
| 830 | 0 |
_aProject Gutenberg _v1828 |
|
| 856 | 4 | 0 | _uhttp://www.gutenberg.org/ebooks/1828 |
| 942 | _cEB | ||
| 999 |
_c231171 _d231171 |
||